|
|
|
|
| LEADER |
00692nab a2200169 i 4500 |
| 001 |
misc72118 |
| 005 |
20240124114241.0 |
| 008 |
240124s1937 hu o 000 hun d |
| 040 |
|
|
|a SZTE Miscellanea Repozitórium
|b hun
|
| 041 |
|
|
|a hun
|
| 245 |
0 |
2 |
|a A Kormányzó háromnegyedórás kihallgatáson fogadta Szent-Györgyi professzort
|h [elektronikus dokumentum]
|
| 260 |
|
|
|c 1937-11-05
|
| 300 |
|
|
|a 2
|
| 490 |
0 |
|
|a Magyar Jövő
|v 19 No. 251
|
| 561 |
|
|
|a Szent-Györgyi Albertről szóló irodalom
|
| 695 |
|
|
|a Horthy Miklós, Darányi Kálmán, Hóman Bálint, Klebelsberg özvegye, Korányi Sándor, Terbócz Miklós
|
| 856 |
4 |
0 |
|u http://misc.bibl.u-szeged.hu/72118/1/szgya_1937_284.pdf
|z Dokumentum-elérés
|